Meanings and mobilizations: a cultutal Politics approach to social movements and states /

Though examination of the Zapotec movement in Juchitán, México, the Zapatistas in Chiapas, Pan-Maya movements in Guatemala, and the Afro-Reggae Cultural Group in Río de Janeiro, This article will show that social movements are best analyzed througa combined focus on the circuitours historial pathway...

Ausführliche Beschreibung

Gespeichert in:
Bibliographische Detailangaben
1. Verfasser: Rubin, Jeffrey W.
Format: Text
Schlagworte:
Tags: Tag hinzufügen
Keine Tags, Fügen Sie den ersten Tag hinzu!

MARC

LEADER 00000 a a2200000 04500
001 9268
003
040
100 |a Rubin, Jeffrey W.  
245 |a Meanings and mobilizations:   |b a cultutal Politics approach to social movements and states /  |c Jeffrey W Rubin  
520 |a Though examination of the Zapotec movement in Juchitán, México, the Zapatistas in Chiapas, Pan-Maya movements in Guatemala, and the Afro-Reggae Cultural Group in Río de Janeiro, This article will show that social movements are best analyzed througa combined focus on the circuitours historial pathways of their origins and emergence and on the diverse pieces of representation and meaning out of which they are made  
650 |a MOVIMIENTOS SOCIALES  
650 |a PARTICIPACION POLITICA  
650 |a CONFLICTOS POLITICOS  
650 |a HISTORIA SOCIAL  
650 |a PARTICIPACION SOCIAL  
773 |g volumen 39, número 3; páginas 106-142  
999 |c 27676  |d 27676